Geography Quiz

Random Geography or World Quiz
Score 0/25 Timer 05:00
8 Plays Today
Hint Answer % Correct
AsiaIndia
95.5%
North AmericaCanada
95.3%
Italy
95.2%
South AmericaBrazil
94.8%
Japan
91.6%
Chile
91.1%
EuropeSpain
89%
Greece
86.6%
Iceland
80.5%
South Africa
79.6%
Vietnam
79.3%
Peru
78.7%
Sweden
78.4%
Hint Answer % Correct
Colombia
73%
Somalia
72.7%
Paraguay
70%
Panama
67.2%
Malaysia
57.4%
Saudi Arabia
56.6%
Haiti
56%
AfricaMorocco
55.6%
Nicaragua
48.8%
Kenya
43.8%
Trinidad and Tobago
42.9%
Cameroon
36.4%
Remove Ads.
Support Sporcle.
Get the best of Sporcle when you Go Orange. This ad-free experience offers more features, more stats, and more fun while also helping to support Sporcle. Thank you for becoming a member.

You're not logged in!

Compare scores with friends on all Sporcle quizzes.
OR
Log In

Show Comments

Extras

Top Quizzes Today


Score Distribution

Your Account Isn't Verified!

In order to create a playlist on Sporcle, you need to verify the email address you used during registration. Go to your Sporcle Settings to finish the process.

Report this User

Report this user for behavior that violates our Community Guidelines.

Details: